[Event "GBR-ch blitz"]
[Site "Birmingham"]
[Date "2019.11.16"]
[Round "11"]
[White "Arkell, Keith C"]
[Black "Haydon, David Leslie"]
[Result "1-0"]
[WhiteElo "2464"]
[BlackElo "2366"]
[PlyCount "155"]
[EventDate "2019.11.16"]
[EventType "tourn (blitz)"]
[EventRounds "15"]
[EventCountry "ENG"]
[EventCategory "5"]
[SourceTitle "BritBase"]
[Source "John Saunders"]
[SourceDate "2024.03.28"]
[SourceVersion "1"]
[SourceVersionDate "2024.03.28"]
[SourceQuality "1"]

1. d4 c6 2. Nf3 d5 3. c4 Nf6 4. Qc2 e6 5. Bg5 Be7 6. e3 Nbd7 7. Nc3 a5 8. cxd5
exd5 9. Bd3 O-O 10. O-O Re8 11. h3 h6 12. Bf4 Bb4 13. a3 Bf8 14. Rab1 b6 15.
Ne5 Bb7 16. Na4 Nxe5 17. Bxe5 Nd7 18. Bg3 b5 19. Nc3 Nf6 20. Rbc1 Bd6 21. Bxd6
Qxd6 22. Ne2 Re7 23. Qc5 Qxc5 24. Rxc5 a4 25. Rfc1 Re6 26. Nf4 Rd6 27. Be2 Ne4
28. R5c2 Rf6 29. Nd3 Re8 30. Bf3 Ng5 31. Bg4 Ne4 32. Nc5 Nxc5 33. Rxc5 Re7 34.
Bf3 Rd6 35. Bd1 Kf8 36. b3 axb3 37. Bxb3 f5 38. g3 g5 39. a4 bxa4 40. Bxa4 Ree6
41. Rb1 Re7 42. Ra5 f4 43. exf4 gxf4 44. g4 Rf6 45. Ra7 Rff7 46. Kg2 Kg7 47.
Bc2 Bc8 48. Rxe7 Rxe7 49. Kf3 Ba6 50. Ba4 Bd3 51. Rb6 Be4+ 52. Kxf4 Rf7+ 53.
Ke3 Rf3+ 54. Ke2 Rxh3 55. Bxc6 Bf3+ 56. Ke3 Bxg4+ 57. Kf4 Bf3 58. Rb5 Be4 59.
Bxd5 Rf3+ 60. Kxe4 Rxf2 61. Ke5 h5 62. Be4 h4 63. Rb6 h3 64. Rg6+ Kf7 65. Rh6
h2 66. d5 Kg7 67. Rh7+ Kg8 68. d6 Rd2 69. Rh3 Kg7 70. Bf5 Re2+ 71. Kd5 Kf6 72.
Bg4 Rd2+ 73. Kc6 Rc2+ 74. Kb6 Rd2 75. Kc7 Rc2+ 76. Kd8 Ra2 77. d7 Rc2 78. Ke8
1-0

[Event "GBR-ch blitz"]
[Site "Birmingham"]
[Date "2019.11.16"]
[Round "11"]
[White "Gormally, Daniel"]
[Black "Camacho Collados, Jose"]
[Result "1/2-1/2"]
[WhiteElo "2555"]
[BlackElo "2390"]
[PlyCount "110"]
[EventDate "2019.11.16"]
[EventType "tourn (blitz)"]
[EventRounds "15"]
[EventCountry "ENG"]
[EventCategory "5"]
[SourceTitle "BritBase"]
[Source "John Saunders"]
[SourceDate "2024.03.28"]
[SourceVersion "1"]
[SourceVersionDate "2024.03.28"]
[SourceQuality "1"]

1. d4 Nf6 2. Nf3 b6 3. Bg5 Bb7 4. Nbd2 g6 5. Bxf6 exf6 6. e4 Bg7 7. Bd3 O-O 8.
O-O d5 9. exd5 Bxd5 10. Re1 Nd7 11. Be4 Bxe4 12. Nxe4 f5 13. Ned2 c5 14. c3
cxd4 15. cxd4 Nf6 16. Qb3 Qd5 17. Qxd5 Nxd5 18. Nc4 Rfd8 19. Rad1 Rac8 20. Ne3
h6 21. h4 Bf6 22. g3 Kg7 23. Rc1 Nb4 24. Rxc8 Rxc8 25. a3 Nd3 26. Re2 Rc1+ 27.
Kg2 Rb1 28. b4 f4 29. Nd5 fxg3 30. fxg3 Rb2 31. Rxb2 Nxb2 32. b5 Nc4 33. a4 Nb2
34. Nb4 Nxa4 35. Nc6 Nc3 36. Nxa7 Kf8 37. Ne5 Bxe5 38. dxe5 Ke7 39. Kf3 Ke6 40.
Kf4 h5 41. Nc8 Nxb5 42. Nxb6 Nc7 43. Na4 Nd5+ 44. Ke4 Nc7 45. Nc5+ Ke7 46. Kf4
Ne6+ 47. Nxe6 Kxe6 48. Ke4 f6 49. exf6 Kxf6 50. Kf4 g5+ 51. hxg5+ Kg6 52. Kf3
Kxg5 53. Kg2 Kg4 54. Kh2 h4 55. gxh4 Kxh4 1/2-1/2

[Event "GBR-ch blitz"]
[Site "Birmingham"]
[Date "2019.11.16"]
[Round "11"]
[White "Greet, Andrew N"]
[Black "Ghasi, Ameet K"]
[Result "0-1"]
[WhiteElo "2425"]
[BlackElo "2582"]
[PlyCount "70"]
[EventDate "2019.11.16"]
[EventType "tourn (blitz)"]
[EventRounds "15"]
[EventCountry "ENG"]
[EventCategory "5"]
[SourceTitle "BritBase"]
[Source "John Saunders"]
[SourceDate "2024.03.28"]
[SourceVersion "1"]
[SourceVersionDate "2024.03.28"]
[SourceQuality "1"]

1. e4 d6 2. d4 Nf6 3. Nc3 g6 4. Nf3 Bg7 5. Be3 c6 6. Qd2 Bg4 7. Bh6 O-O 8. Bxg7
Kxg7 9. Ng5 e5 10. h3 Bc8 11. O-O-O Qe7 12. f4 Nbd7 13. g4 b5 14. Qe3 b4 15.
Nb1 h6 16. Nf3 exf4 17. Qxf4 Qxe4 18. Qxe4 Nxe4 19. Re1 Ndf6 20. Bg2 Be6 21.
Nfd2 Nxd2 22. Nxd2 Rac8 23. Re2 a5 24. Rhe1 a4 25. Ne4 Nxe4 26. Bxe4 Bc4 27.
Bd3 Bxa2 28. b3 axb3 29. Kb2 Ra8 30. cxb3 Ra3 31. Bc2 c5 32. dxc5 dxc5 33. Ra1
Rfa8 34. Re4 Bxb3 35. Rxa3 bxa3+ 0-1

[Event "GBR-ch blitz"]
[Site "Birmingham"]
[Date "2019.11.16"]
[Round "11"]
[White "Pein, Jonathan"]
[Black "D'Costa, Lorin AR"]
[Result "0-1"]
[WhiteElo "2208"]
[BlackElo "2370"]
[PlyCount "40"]
[EventDate "2019.11.16"]
[EventType "tourn (blitz)"]
[EventRounds "15"]
[EventCountry "ENG"]
[EventCategory "5"]
[SourceTitle "BritBase"]
[Source "John Saunders"]
[SourceDate "2024.03.28"]
[SourceVersion "1"]
[SourceVersionDate "2024.03.28"]
[SourceQuality "1"]

1. b3 e5 2. Bb2 Nc6 3. e3 g6 4. d4 exd4 5. exd4 Bg7 6. Ne2 Nge7 7. Qd2 d5 8.
Nbc3 Bf5 9. a3 Qd7 10. O-O-O h5 11. g3 h4 12. Kb1 hxg3 13. fxg3 O-O-O 14. Bg2
Kb8 15. h3 Bxh3 16. Nf4 Bxg2 17. Qxg2 Rxh1 18. Rxh1 Bxd4 19. Ncxd5 Nxd5 20.
Nxd5 Qxd5 0-1

[Event "GBR-ch blitz"]
[Site "Birmingham"]
[Date "2019.11.16"]
[Round "11"]
[White "Rush, Stephen"]
[Black "Beardsworth, Allan William"]
[Result "1-0"]
[WhiteElo "2006"]
[BlackElo "2144"]
[PlyCount "85"]
[EventDate "2019.11.16"]
[EventType "tourn (blitz)"]
[EventRounds "15"]
[EventCountry "ENG"]
[EventCategory "5"]
[SourceTitle "BritBase"]
[Source "John Saunders"]
[SourceDate "2024.03.28"]
[SourceVersion "1"]
[SourceVersionDate "2024.03.28"]
[SourceQuality "1"]

1. d4 d6 2. c4 e5 3. d5 Nf6 4. Nc3 Be7 5. e4 O-O 6. g3 c6 7. h4 Nbd7 8. Bh3 a6
9. Qe2 cxd5 10. cxd5 Nc5 11. f3 Bxh3 12. Nxh3 Qd7 13. Nf2 Rfc8 14. Nd3 Nxd3+
15. Qxd3 Nh5 16. Kf2 b5 17. Be3 Bd8 18. Rac1 Rab8 19. Ne2 Rxc1 20. Nxc1 Bb6 21.
Ne2 Qa7 22. Rc1 Nf6 23. Rc6 Ne8 24. Bxb6 Rxb6 25. Qe3 Rb7 26. Nc3 Kf8 27. Qxa7
Rxa7 28. Ke3 Ke7 29. a4 b4 30. Nb1 Kd7 31. Nd2 a5 32. Nc4 Ke7 33. b3 Kd7 34. g4
g6 35. g5 Ke7 36. Nb6 Rc7 37. Rxc7+ Nxc7 38. Nc4 Na6 39. Nxa5 Nc5 40. Kd2 Kd7
41. Kc2 Na6 42. Nc6 Kc7 43. Kd3 1-0

[Event "GBR-ch blitz"]
[Site "Birmingham"]
[Date "2019.11.16"]
[Round "11"]
[White "Sherwin, James T"]
[Black "Willow, Jonah B"]
[Result "1-0"]
[WhiteElo "2227"]
[BlackElo "2187"]
[PlyCount "59"]
[EventDate "2019.11.16"]
[EventType "tourn (blitz)"]
[EventRounds "15"]
[EventCountry "ENG"]
[EventCategory "5"]
[SourceTitle "BritBase"]
[Source "John Saunders"]
[SourceDate "2024.03.28"]
[SourceVersion "1"]
[SourceVersionDate "2024.03.28"]
[SourceQuality "1"]

1. d4 Nf6 2. Nf3 e6 3. Bf4 c5 4. c3 b6 5. Nbd2 Bb7 6. e3 Be7 7. Bd3 cxd4 8.
cxd4 O-O 9. a3 Nc6 10. O-O d5 11. h3 Rc8 12. Rc1 Bd6 13. Bg5 h6 14. Bh4 g5 15.
Bg3 Bxg3 16. fxg3 Kg7 17. g4 Qd6 18. Qe2 Qg3 19. Rce1 Rcd8 20. Rf2 Qd6 21. Ref1
Nd7 22. h4 f6 23. Bb1 e5 24. dxe5 Ndxe5 25. Nd4 Bc8 26. Bf5 Nxd4 27. exd4 Nc6
28. Bxc8 Rxc8 29. Qd3 Qg3 30. Qxg3 1-0

[Event "GBR-ch blitz"]
[Site "Birmingham"]
[Date "2019.11.16"]
[Round "11"]
[White "Tan, Justin Hy"]
[Black "Rendle, Thomas"]
[Result "1-0"]
[WhiteElo "2469"]
[BlackElo "2461"]
[PlyCount "83"]
[EventDate "2019.11.16"]
[EventType "tourn (blitz)"]
[EventRounds "15"]
[EventCountry "ENG"]
[EventCategory "5"]
[SourceTitle "BritBase"]
[Source "John Saunders"]
[SourceDate "2024.03.28"]
[SourceVersion "1"]
[SourceVersionDate "2024.03.28"]
[SourceQuality "1"]

1. Nf3 f5 2. b3 Nf6 3. Bb2 e6 4. e3 Be7 5. Be2 O-O 6. O-O b6 7. c4 Bb7 8. Nc3
Qe8 9. d3 d6 10. Nd4 Bd8 11. Bf3 c6 12. a4 Qg6 13. Nxe6 Re8 14. Nxd8 Rxd8 15.
a5 bxa5 16. Rxa5 Nbd7 17. Ne2 Qf7 18. Rxf5 Rab8 19. Ng3 Qe6 20. Rg5 h6 21. Ra5
a6 22. Nf5 Nc5 23. Nd4 Qd7 24. b4 Ne6 25. Nf5 Rf8 26. h4 d5 27. Be5 Rbd8 28.
Nd6 c5 29. Nxb7 Qxb7 30. bxc5 Qb4 31. Ra4 Qxc5 32. Rxa6 Qc8 33. Rd6 dxc4 34.
dxc4 Rxd6 35. Qxd6 Qxc4 36. Bxf6 Rxf6 37. Bd5 Qg4 38. f3 Qg6 39. Qb8+ Rf8 40.
Qe5 Rf6 41. Rc1 Qf7 42. Rc6 1-0

[Event "GBR-ch blitz"]
[Site "Birmingham"]
[Date "2019.11.16"]
[Round "11"]
[White "Turner, Matthew"]
[Black "Adair, James R"]
[Result "1-0"]
[WhiteElo "2534"]
[BlackElo "2484"]
[PlyCount "43"]
[EventDate "2019.11.16"]
[EventType "tourn (blitz)"]
[EventRounds "15"]
[EventCountry "ENG"]
[EventCategory "5"]
[SourceTitle "BritBase"]
[Source "John Saunders"]
[SourceDate "2024.03.28"]
[SourceVersion "1"]
[SourceVersionDate "2024.03.28"]
[SourceQuality "1"]

1. d4 Nf6 2. Nf3 e6 3. Bf4 d5 4. Nbd2 Bd6 5. e3 O-O 6. Bd3 Bxf4 7. exf4 b6 8.
Ne5 c5 9. dxc5 bxc5 10. c4 Bb7 11. O-O Nbd7 12. Qb3 Qc7 13. Ndf3 Rab8 14. Qc2
dxc4 15. Qxc4 Bxf3 16. Nxf3 Rxb2 17. Rac1 Rb6 18. Rfe1 Rfb8 19. f5 exf5 20. Re7
Rf8 21. Ng5 Qf4 22. Qxf4 1-0

[Event "GBR-ch blitz"]
[Site "Birmingham"]
[Date "2019.11.16"]
[Round "12"]
[White "Adair, James R"]
[Black "Gormally, Daniel"]
[Result "0-1"]
[WhiteElo "2484"]
[BlackElo "2555"]
[PlyCount "88"]
[EventDate "2019.11.16"]
[EventType "tourn (blitz)"]
[EventRounds "15"]
[EventCountry "ENG"]
[EventCategory "5"]
[SourceTitle "BritBase"]
[Source "John Saunders"]
[SourceDate "2024.03.28"]
[SourceVersion "1"]
[SourceVersionDate "2024.03.28"]
[SourceQuality "1"]

1. e4 c5 2. Nf3 d6 3. d4 cxd4 4. Nxd4 Nf6 5. Nc3 a6 6. g3 g6 7. Bg2 Bg7 8. O-O
O-O 9. h3 Bd7 10. Be3 Nc6 11. a4 Ne5 12. b3 Rc8 13. Qd2 Qc7 14. Nd5 Nxd5 15.
exd5 Qc3 16. Qxc3 Rxc3 17. Rad1 Bf5 18. Bd2 Rcc8 19. Nxf5 gxf5 20. c4 b5 21.
cxb5 axb5 22. a5 Rc2 23. Be3 Ra8 24. Ra1 Nd3 25. a6 Bxa1 26. Rxa1 Nc5 27. a7
Nxb3 28. Ra3 Nc5 29. Bf1 b4 30. Ra5 b3 31. Rb5 Rxa7 32. Bxc5 Rxc5 33. Rxb3 Rxd5
34. Kg2 Rd2 35. Rf3 e6 36. h4 Kg7 37. Rf4 h6 38. Kf3 Ra3+ 39. Kg2 d5 40. Rf3
Rxf3 41. Kxf3 e5 42. Ke3 Rb2 43. Bd3 d4+ 44. Kf3 e4+ 0-1

[Event "GBR-ch blitz"]
[Site "Birmingham"]
[Date "2019.11.16"]
[Round "12"]
[White "Beardsworth, Allan William"]
[Black "Arkell, Keith C"]
[Result "1/2-1/2"]
[WhiteElo "2144"]
[BlackElo "2464"]
[PlyCount "85"]
[EventDate "2019.11.16"]
[EventType "tourn (blitz)"]
[EventRounds "15"]
[EventCountry "ENG"]
[EventCategory "5"]
[SourceTitle "BritBase"]
[Source "John Saunders"]
[SourceDate "2024.03.28"]
[SourceVersion "1"]
[SourceVersionDate "2024.03.28"]
[SourceQuality "1"]

1. e4 c6 2. d3 d5 3. Nd2 g6 4. Ngf3 Bg7 5. Be2 Bg4 6. O-O e6 7. c3 Nd7 8. h3
Bxf3 9. Bxf3 Ne7 10. Re1 O-O 11. Qc2 Re8 12. a3 Qc7 13. b3 Rad8 14. Bb2 dxe4
15. dxe4 Ne5 16. Be2 g5 17. Rad1 N7g6 18. g3 Rd7 19. Nf3 Nxf3+ 20. Bxf3 Red8
21. Rxd7 Rxd7 22. Rd1 Qd8 23. Rxd7 Qxd7 24. Qd1 Qc7 25. Qd2 h6 26. Kg2 Ne5 27.
Be2 Nd7 28. b4 b5 29. Bd1 Nb6 30. Bb3 Qe5 31. Qe3 Qd6 32. Qe2 Be5 33. Kf1 Kg7
34. Ke1 Nd7 35. Qd2 Qe7 36. Kd1 Nb6 37. Kc2 Qf6 38. Qe3 h5 39. Bc1 g4 40. h4
Qg6 41. Qg5 Qxg5 42. Bxg5 f6 43. Be3 1/2-1/2

[Event "GBR-ch blitz"]
[Site "Birmingham"]
[Date "2019.11.16"]
[Round "12"]
[White "Camacho Collados, Jose"]
[Black "Rush, Stephen"]
[Result "1-0"]
[WhiteElo "2390"]
[BlackElo "2006"]
[PlyCount "41"]
[EventDate "2019.11.16"]
[EventType "tourn (blitz)"]
[EventRounds "15"]
[EventCountry "ENG"]
[EventCategory "5"]
[SourceTitle "BritBase"]
[Source "John Saunders"]
[SourceDate "2024.03.28"]
[SourceVersion "1"]
[SourceVersionDate "2024.03.28"]
[SourceQuality "1"]

1. Nf3 d5 2. g3 Nc6 3. Bg2 e5 4. d3 Bd6 5. a3 Nge7 6. b4 O-O 7. b5 Nb8 8. Bb2
Nd7 9. O-O a6 10. a4 axb5 11. axb5 Rxa1 12. Bxa1 c6 13. Nc3 Qa5 14. Qb1 f6 15.
Nd2 Nc5 16. Nb3 Nxb3 17. Qxb3 Be6 18. Ne4 Bc7 19. Nc5 Bf7 20. Nxb7 cxb5 21.
Nxa5 1-0

[Event "GBR-ch blitz"]
[Site "Birmingham"]
[Date "2019.11.16"]
[Round "12"]
[White "D'Costa, Lorin AR"]
[Black "Turner, Matthew"]
[Result "0-1"]
[WhiteElo "2370"]
[BlackElo "2534"]
[PlyCount "80"]
[EventDate "2019.11.16"]
[EventType "tourn (blitz)"]
[EventRounds "15"]
[EventCountry "ENG"]
[EventCategory "5"]
[SourceTitle "BritBase"]
[Source "John Saunders"]
[SourceDate "2024.03.28"]
[SourceVersion "1"]
[SourceVersionDate "2024.03.28"]
[SourceQuality "1"]

1. d4 Nf6 2. Bf4 d6 3. Nc3 c6 4. Qd2 Qa5 5. e4 e5 6. Bg5 Nbd7 7. Nge2 Be7 8. f3
O-O 9. h4 b5 10. Nc1 b4 11. N3e2 d5 12. Nb3 Qc7 13. exd5 cxd5 14. Ng3 exd4 15.
Bf4 Bd6 16. Ne2 a5 17. Nbxd4 Ba6 18. Bxd6 Qxd6 19. O-O-O Rac8 20. Kb1 Ne5 21.
Nf4 Bxf1 22. Rhxf1 Nc4 23. Qc1 Rfe8 24. Rfe1 Qb6 25. Rxe8+ Rxe8 26. g4 Ne3 27.
Rd3 Nc4 28. g5 Nd7 29. Nxd5 Qc5 30. Nf4 Nde5 31. Rd1 g6 32. Nfe2 a4 33. f4 Ng4
34. Ng3 Nf2 35. Nf3 Nxd1 36. Qxd1 Qe3 37. Nf1 Qf2 38. b3 Na3+ 39. Kb2 Rc8 40.
Nd4 Rd8 0-1

[Event "GBR-ch blitz"]
[Site "Birmingham"]
[Date "2019.11.16"]
[Round "12"]
[White "Ghasi, Ameet K"]
[Black "Pein, Jonathan"]
[Result "1-0"]
[WhiteElo "2582"]
[BlackElo "2208"]
[PlyCount "65"]
[EventDate "2019.11.16"]
[EventType "tourn (blitz)"]
[EventRounds "15"]
[EventCountry "ENG"]
[EventCategory "5"]
[SourceTitle "BritBase"]
[Source "John Saunders"]
[SourceDate "2024.03.28"]
[SourceVersion "1"]
[SourceVersionDate "2024.03.28"]
[SourceQuality "1"]

1. Nf3 d5 2. g3 Nc6 3. d3 g6 4. Bg2 Bg7 5. O-O e5 6. c4 Nge7 7. Nc3 d4 8. Na4
O-O 9. a3 a5 10. Rb1 h6 11. b4 axb4 12. axb4 f5 13. b5 Nb8 14. Nd2 Nd7 15. c5
Nf6 16. Nc4 Nfd5 17. Bd2 Kh7 18. b6 c6 19. Nd6 g5 20. Qc2 Qd7 21. Ra1 Ra6 22.
e4 dxe3 23. fxe3 Nxb6 24. Nxb6 Rxb6 25. Nxc8 Nxc8 26. cxb6 Nxb6 27. Rab1 Nd5
28. e4 Nc7 29. Rxf5 Rxf5 30. exf5 Nb5 31. Rxb5 cxb5 32. Be4 Qd4+ 33. Kg2 1-0

[Event "GBR-ch blitz"]
[Site "Birmingham"]
[Date "2019.11.16"]
[Round "12"]
[White "Haydon, David Leslie"]
[Black "Tan, Justin Hy"]
[Result "0-1"]
[WhiteElo "2366"]
[BlackElo "2469"]
[PlyCount "37"]
[EventDate "2019.11.16"]
[EventType "tourn (blitz)"]
[EventRounds "15"]
[EventCountry "ENG"]
[EventCategory "5"]
[SourceTitle "BritBase"]
[Source "John Saunders"]
[SourceDate "2024.03.28"]
[SourceVersion "1"]
[SourceVersionDate "2024.03.28"]
[SourceQuality "1"]

1. Nf3 c5 2. c4 Nc6 3. g3 g6 4. Bg2 Bg7 5. O-O d6 6. Nc3 e6 7. d3 Nge7 8. Rb1
O-O 9. Bd2 Rb8 10. a3 b6 11. b4 Bb7 12. e4 h6 13. Re1 g5 14. h3 Ng6 15. Qc2 Qd7
16. Nd1 f5 17. exf5 Rxf5 18. Ne3 Rxf3 19. Ra1 0-1

[Event "GBR-ch blitz"]
[Site "Birmingham"]
[Date "2019.11.16"]
[Round "12"]
[White "Sherwin, James T"]
[Black "Greet, Andrew N"]
[Result "0-1"]
[WhiteElo "2227"]
[BlackElo "2425"]
[PlyCount "74"]
[EventDate "2019.11.16"]
[EventType "tourn (blitz)"]
[EventRounds "15"]
[EventCountry "ENG"]
[EventCategory "5"]
[SourceTitle "BritBase"]
[Source "John Saunders"]
[SourceDate "2024.03.28"]
[SourceVersion "1"]
[SourceVersionDate "2024.03.28"]
[SourceQuality "1"]

1. d4 d5 2. Nf3 Nf6 3. c4 e6 4. Nc3 Bb4 5. Bg5 dxc4 6. e4 b5 7. e5 h6 8. Bh4 g5
9. exf6 gxh4 10. g3 Bb7 11. Bg2 a6 12. O-O hxg3 13. hxg3 Qxf6 14. Ne5 Bxg2 15.
Kxg2 Bxc3 16. bxc3 Nd7 17. Re1 Nb6 18. Re3 Rh7 19. Qh5 Qg5 20. Qf3 Nd5 21. Re4
h5 22. Rae1 Kf8 23. Rh4 Re8 24. Reh1 Qf5 25. Rxh5 Qxf3+ 26. Kxf3 Rxh5 27. Rxh5
Nxc3 28. Rh8+ Ke7 29. Nc6+ Kd7 30. Ne5+ Kd8 31. Nxf7+ Ke7 32. Rxe8+ Kxe8 33.
Ne5 Nxa2 34. g4 c3 35. Ke3 c2 36. Nd3 c1=Q+ 37. Nxc1 Nxc1 0-1

[Event "GBR-ch blitz"]
[Site "Birmingham"]
[Date "2019.11.16"]
[Round "12"]
[White "Willow, Jonah B"]
[Black "Rendle, Thomas"]
[Result "1-0"]
[WhiteElo "2187"]
[BlackElo "2461"]
[PlyCount "128"]
[EventDate "2019.11.16"]
[EventType "tourn (blitz)"]
[EventRounds "15"]
[EventCountry "ENG"]
[EventCategory "5"]
[SourceTitle "BritBase"]
[Source "John Saunders"]
[SourceDate "2024.03.28"]
[SourceVersion "1"]
[SourceVersionDate "2024.03.28"]
[SourceQuality "1"]

1. e4 e6 2. d4 d5 3. Nd2 Be7 4. e5 c5 5. c3 Nc6 6. Bd3 Qc7 7. Ne2 f6 8. f4 Bd7
9. a3 Nh6 10. O-O O-O 11. Nf3 cxd4 12. cxd4 f5 13. b4 Qb6 14. h3 a6 15. Be3 Na7
16. Nc3 Rac8 17. Qd2 Rc7 18. Rfc1 Rfc8 19. Rab1 Be8 20. Kh2 Qc6 21. b5 axb5 22.
Nxb5 Nxb5 23. Rxc6 bxc6 24. a4 Na3 25. Rc1 Ra7 26. a5 Rca8 27. a6 Nb5 28. Bxb5
cxb5 29. Ng5 Rxa6 30. Rc7 Bd8 31. Rc2 Be7 32. Qc3 b4 33. Qc7 Bf8 34. Bd2 Nf7
35. Nxf7 Bxf7 36. Rb2 Ra2 37. Qc2 Rxb2 38. Qxb2 Rb8 39. Qb3 Be8 40. g4 g6 41.
Kg3 Bb5 42. Qb2 Bc4 43. h4 fxg4 44. Kxg4 b3 45. Ba5 Ra8 46. Qc3 Ba3 47. Bb4 b2
48. Qc2 Bxb4 49. Qxb2 Be7 50. Qb7 Re8 51. Qd7 Kf7 52. h5 Be2+ 53. Kg3 gxh5 54.
f5 exf5 55. Qxd5+ Kg7 56. Qd7 Kf8 57. Qxf5+ Kg7 58. Qd7 Kf8 59. d5 h4+ 60. Kf2
Bh5 61. Qf5+ Bf7 62. e6 Bc5+ 63. Kg2 Re7 64. exf7 Bd6 1-0

[Event "GBR-ch blitz"]
[Site "Birmingham"]
[Date "2019.11.16"]
[Round "13"]
[White "Arkell, Keith C"]
[Black "Camacho Collados, Jose"]
[Result "1/2-1/2"]
[WhiteElo "2464"]
[BlackElo "2390"]
[PlyCount "74"]
[EventDate "2019.11.16"]
[EventType "tourn (blitz)"]
[EventRounds "15"]
[EventCountry "ENG"]
[EventCategory "5"]
[SourceTitle "BritBase"]
[Source "John Saunders"]
[SourceDate "2024.03.28"]
[SourceVersion "1"]
[SourceVersionDate "2024.03.28"]
[SourceQuality "1"]

1. d4 Nf6 2. Nf3 b6 3. c4 Bb7 4. Nc3 g6 5. g3 Bg7 6. Bg2 O-O 7. O-O Ne4 8. Bd2
Nxd2 9. Qxd2 d6 10. d5 a5 11. Nd4 Qd7 12. Rad1 c6 13. dxc6 Nxc6 14. Nxc6 Bxc6
15. Nd5 Bxd5 16. Bxd5 Rac8 17. b3 Rc5 18. a4 Qf5 19. Kg2 h5 20. h4 Kh7 21. Qe1
e6 22. Bf3 d5 23. cxd5 exd5 24. Qd2 d4 25. Qd3 Qxd3 26. Rxd3 Rc3 27. Rfd1 Rfc8
28. Bd5 f5 29. Bc4 Be5 30. e3 dxe3 31. Rxe3 Rxe3 32. Rd7+ Kh6 33. fxe3 Rc7 34.
Rd5 Bc3 35. Kf3 Re7 36. Rd6 Bb4 37. Rxb6 Rxe3+ 1/2-1/2

[Event "GBR-ch blitz"]
[Site "Birmingham"]
[Date "2019.11.16"]
[Round "13"]
[White "Gormally, Daniel"]
[Black "D'Costa, Lorin AR"]
[Result "1-0"]
[WhiteElo "2555"]
[BlackElo "2370"]
[PlyCount "97"]
[EventDate "2019.11.16"]
[EventType "tourn (blitz)"]
[EventRounds "15"]
[EventCountry "ENG"]
[EventCategory "5"]
[SourceTitle "BritBase"]
[Source "John Saunders"]
[SourceDate "2024.03.28"]
[SourceVersion "1"]
[SourceVersionDate "2024.03.28"]
[SourceQuality "1"]

1. e4 c5 2. Nc3 a6 3. Nf3 d6 4. g3 Nf6 5. Bg2 e6 6. O-O Nc6 7. d4 cxd4 8. Nxd4
Bd7 9. Nde2 Be7 10. Bf4 Qc7 11. a4 O-O 12. b3 Rac8 13. Qd2 Ne5 14. h3 b5 15.
axb5 axb5 16. Rac1 Rfd8 17. Rfe1 Qb8 18. Nd4 Ng6 19. Be3 Be8 20. Na2 d5 21. e5
Nxe5 22. Bf4 Bd6 23. Bg5 Ned7 24. Nb4 Qb6 25. Be3 Bc5 26. c3 Ne4 27. Qd1 Ndf6
28. Nd3 Bf8 29. Nf3 Qb8 30. Bd4 h6 31. Nfe5 Nc5 32. Nxc5 Bxc5 33. Bxc5 Rxc5 34.
Qd4 Rdc8 35. b4 R5c7 36. Kh2 Nd7 37. Bf1 Nxe5 38. Rxe5 Rc6 39. f4 f6 40. Ree1
Bf7 41. Bg2 Rc4 42. Qd2 Qc7 43. f5 exf5 44. Bxd5 Rd8 45. Bxf7+ Kxf7 46. Qe2 Re4
47. Qh5+ g6 48. Qxh6 Rd2+ 49. Qxd2 1-0

[Event "GBR-ch blitz"]
[Site "Birmingham"]
[Date "2019.11.16"]
[Round "13"]
[White "Greet, Andrew N"]
[Black "Willow, Jonah B"]
[Result "1-0"]
[WhiteElo "2425"]
[BlackElo "2187"]
[PlyCount "71"]
[EventDate "2019.11.16"]
[EventType "tourn (blitz)"]
[EventRounds "15"]
[EventCountry "ENG"]
[EventCategory "5"]
[SourceTitle "BritBase"]
[Source "John Saunders"]
[SourceDate "2024.03.28"]
[SourceVersion "1"]
[SourceVersionDate "2024.03.28"]
[SourceQuality "1"]

1. e4 c5 2. d4 cxd4 3. c3 Nf6 4. e5 Nd5 5. Nf3 Nc6 6. cxd4 g6 7. Bc4 Nb6 8. Bb3
Bg7 9. h4 d5 10. h5 Bg4 11. h6 Bf8 12. Rh4 Qd7 13. Nc3 O-O-O 14. Be3 Kb8 15.
Na4 Nc4 16. Nc5 Qf5 17. Bc2 Qc8 18. Bc1 b6 19. b3 bxc5 20. bxc4 Nxd4 21. Rb1+
Ka8 22. Bd3 f5 23. Rxg4 fxg4 24. Nxd4 cxd4 25. cxd5 Qc3+ 26. Kf1 Rxd5 27. Be4
e6 28. Qxg4 Bb4 29. Bd2 Qc4+ 30. Qe2 d3 31. Bxd5+ Qxd5 32. Qe3 Bxd2 33. Qxd2
Rd8 34. f4 Qd4 35. Qf2 Qc4 36. Qf3+ 1-0

[Event "GBR-ch blitz"]
[Site "Birmingham"]
[Date "2019.11.16"]
[Round "13"]
[White "Pein, Jonathan"]
[Black "Sherwin, James T"]
[Result "0-1"]
[WhiteElo "2208"]
[BlackElo "2227"]
[PlyCount "38"]
[EventDate "2019.11.16"]
[EventType "tourn (blitz)"]
[EventRounds "15"]
[EventCountry "ENG"]
[EventCategory "5"]
[SourceTitle "BritBase"]
[Source "John Saunders"]
[SourceDate "2024.03.28"]
[SourceVersion "1"]
[SourceVersionDate "2024.03.28"]
[SourceQuality "1"]

1. e4 Nc6 2. Nc3 e5 3. Nf3 Nf6 4. d4 exd4 5. Nd5 d6 6. Nxd4 Be7 7. Nf5 Bxf5 8.
exf5 O-O 9. Be2 Nxd5 10. Qxd5 Bf6 11. c3 Re8 12. Be3 Bg5 13. O-O Bxe3 14. fxe3
Rxe3 15. Bc4 Qf6 16. Qb5 Rb8 17. Rae1 a6 18. Qd5 Rbe8 19. Rxe3 Rxe3 0-1

[Event "GBR-ch blitz"]
[Site "Birmingham"]
[Date "2019.11.16"]
[Round "13"]
[White "Rendle, Thomas"]
[Black "Haydon, David Leslie"]
[Result "1/2-1/2"]
[WhiteElo "2461"]
[BlackElo "2366"]
[PlyCount "133"]
[EventDate "2019.11.16"]
[EventType "tourn (blitz)"]
[EventRounds "15"]
[EventCountry "ENG"]
[EventCategory "5"]
[SourceTitle "BritBase"]
[Source "John Saunders"]
[SourceDate "2024.03.28"]
[SourceVersion "1"]
[SourceVersionDate "2024.03.28"]
[SourceQuality "1"]

1. f4 d5 2. Nf3 Nf6 3. g3 c5 4. Bg2 Nc6 5. O-O g6 6. d3 Bg7 7. Nc3 O-O 8. e4
Bg4 9. e5 Ne8 10. h3 Bxf3 11. Qxf3 e6 12. Ne2 Nc7 13. c3 Rc8 14. Be3 b6 15.
Rad1 Qe7 16. d4 cxd4 17. Nxd4 Nxd4 18. Rxd4 Na6 19. g4 Nc5 20. Qe2 a5 21. Bf2
Rfe8 22. Kh1 Qc7 23. Bg3 Rcd8 24. Qb5 Nd7 25. Bh4 f6 26. exf6 Bxf6 27. Bxf6
Nxf6 28. Rdd1 Qc5 29. Qe2 Qc7 30. Qe3 Kg7 31. Rde1 Qc5 32. Qe5 Qd6 33. Rf2 Qxe5
34. Rxe5 Nd7 35. Re1 Nc5 36. Rfe2 Rf8 37. Rf1 Rd6 38. Kh2 Nd3 39. Kg3 Nc5 40.
Re3 h6 41. Rfe1 Kf7 42. Bf3 Nd7 43. Rd1 Nf6 44. Re5 Rc8 45. f5 gxf5 46. gxf5
Rg8+ 47. Kf2 Rgd8 48. Rde1 exf5 49. Rxf5 Re6 50. Rfe5 Rxe5 51. Rxe5 d4 52. cxd4
Rxd4 53. Rb5 Rd6 54. Ke3 Nd7 55. a3 Nc5 56. b4 axb4 57. axb4 Nd7 58. Rf5+ Nf6
59. Re5 Re6 60. Kf4 Rd6 61. Rb5 Re6 62. Bd1 Rd6 63. Bb3+ Kg6 64. Bc2+ Kf7 65.
h4 Rd4+ 66. Kg3 Rd6 67. Bb3+ 1/2-1/2